| 000 | 00708nam a22002057a 4500 | ||
|---|---|---|---|
| 999 |
_c2912 _d2912 |
||
| 003 | AR-CdUCM | ||
| 008 | 190305b ||||| |||| 00| 0 spa d | ||
| 040 |
_aMUNICIPALIDAD PROVINCIAL DEL CUSCO _cBIBLIOTECA MUNICIPAL DEL CUSCO |
||
| 082 |
_23ed. _a373.22 / _bL99 |
||
| 100 |
_aLuzuriaga, Lorenzo _96575 |
||
| 245 | _aLa escuela nueva / | ||
| 260 |
_aBuenos Aires : _bLosada, _c1949. |
||
| 300 |
_a204 páginas ; _c19 cm. |
||
| 440 |
_aBiblioteca del maestro. _n14 _910013 |
||
| 505 | _aContenido: Desarrollo histórico de la educación nueva -- Las ideas -- Los métodos -- Las instituciones -- Las reformas. | ||
| 650 |
_aEducación _9460 |
||
| 650 |
_aEscuela _91856 |
||
| 942 |
_2ddc _cLIBROS |
||
| 945 | _azta | ||